[Event "Titled Tuesday intern op 05th Sep Early"]
[Site "Chess.com INT"]
[Date "2023.09.05"]
[Round "4"]
[White "Jegorovas, Aleksandras"]
[Black "Kantans, Toms"]
[Result "1-0"]
[WhiteElo "2270"]
[BlackElo "2487"]
[PlyCount "57"]
[EventDate "2023.09.05"]
[EventType "swiss (blitz)"]
[EventRounds "11"]
[EventCountry "USA"]
[SourceTitle "EXT 2024"]
[Source "ChessBase"]
[SourceDate "2023.10.10"]
[SourceVersion "1"]
[SourceVersionDate "2023.10.10"]
[SourceQuality "1"]

1. d4 Nf6 2. c4 g6 3. Nc3 d5 4. cxd5 Nxd5 5. e4 Nxc3 6. bxc3 Bg7 7. Bc4 c5 8. Be3 0-0 9. Ne2 Nc6 10. Rc1 Qc7 11. h4 Rd8 12. h5 e6 13. h6 Bh8 14. Kf1 b6 15. Bf4 e5 16. Bg3 Qe7 17. Bd5 Bb7 18. dxc5 Qxc5 19. Qb3 Qe7 20. Bh4 Bf6 21. Bxf7+ Qxf7 22. Bxf6 Rd2 23. Rh3 Ba6 24. Re1 Bc4 25. Qa4 b5 26. Qa6 Qxf6 27. Rf3 Qxf3 28. gxf3 Ne7 29. Qf6 1-0

[Event "Titled Tuesday intern op 05th Sep Early"]
[Site "Chess.com INT"]
[Date "2023.09.05"]
[Round "3"]
[White "Kantans, Toms"]
[Black "Ghevondyan, Arman"]
[Result "1-0"]
[WhiteElo "2487"]
[BlackElo "2216"]
[PlyCount "95"]
[EventDate "2023.09.05"]
[EventType "swiss (blitz)"]
[EventRounds "11"]
[EventCountry "USA"]
[SourceTitle "EXT 2024"]
[Source "ChessBase"]
[SourceDate "2023.10.10"]
[SourceVersion "1"]
[SourceVersionDate "2023.10.10"]
[SourceQuality "1"]

1. e4 c5 2. Nf3 Nc6 3. Bb5 g6 4. c3 Bg7 5. d4 cxd4 6. cxd4 a6 7. Bxc6 bxc6 8. 0-0 Rb8 9. Nc3 Nh6 10. Re1 0-0 11. h3 d6 12. Be3 f6 13. b3 Nf7 14. Rc1 Qa5 15. Qd2 Qh5 16. Ne2 g5 17. Ng3 Qg6 18. Rxc6 h5 19. Rc7 h4 20. Nf5 Bxf5 21. exf5 Qxf5 22. Rxe7 Rfe8 23. Rxe8+ Rxe8 24. Rc1 g4 25. hxg4 Qxg4 26. Nh2 Qg6 27. Qc2 f5 28. Qc6 Rf8 29. Qd5 Kh8 30. Rc7 Ng5 31. Bxg5 Qxg5 32. Nf3 Qh6 33. Qb7 h3 34. Rc8 hxg2 35. Rxf8+ Bxf8 36. Kxg2 Qh5 37. Qd5 Bg7 38. Kf1 Qh1+ 39. Ke2 Qb1 40. a4 Qc2+ 41. Kf1 f4 42. Qh5+ Kg8 43. Qe8+ Bf8 44. Qe6+ Kh8 45. Kg2 Bg7 46. Ng5 Qc6+ 47. d5 Qc2 48. Qe8+ 1-0

[Event "Casablanca Mohammed op 4th"]
[Site "Casablanca"]
[Date "2023.08.19"]
[Round "9"]
[White "Shirov, Alexei"]
[Black "Kantans, Toms"]
[Result "1-0"]
[WhiteElo "2668"]
[BlackElo "2500"]
[PlyCount "92"]
[EventDate "2023.08.14"]
[EventType "swiss"]
[EventRounds "9"]
[EventCountry "MAR"]
[SourceTitle "CBM 215 Extra"]
[Source "ChessBase"]
[SourceDate "2023.09.30"]
[SourceVersion "1"]
[SourceVersionDate "2023.09.30"]
[SourceQuality "1"]

1. e4 c5 2. Nf3 e6 3. d4 cxd4 4. Nxd4 Nc6 5. Nc3 Qc7 6. Be3 a6 7. Qf3 Nf6 8. 0-0-0 Ne5 9. Qg3 b5 10. f4 Neg4 11. Bg1 h5 12. e5 b4 13. Na4 Nd5 14. Nb3 Bb7 15. Nac5 Rc8 16. Bd3 a5 17. Nxb7 Qxb7 18. h3 a4 19. hxg4 axb3 20. axb3 h4 21. Qf3 Qa8 22. Kd2 g5 23. fxg5 Be7 24. g6 fxg6 25. Bxg6+ Kd8 26. Be4 Qc6 27. Ke1 Rf8 28. Qe2 Qc7 29. Bd4 Bg5 30. Bxd5 exd5 31. Rf1 Bf4 32. c3 Ra8 33. Qb5 Qc6 34. Qxc6 dxc6 35. cxb4 Kd7 36. Ke2 Ke6 37. Rf3 Bg5 38. Rdf1 Rxf3 39. Rxf3 Rb8 40. Bc5 Be7 41. Bxe7 Kxe7 42. Rf4 Ke6 43. Kf3 c5 44. g5 Kxe5 45. g6 cxb4 46. Rxh4 Kf6 1-0

[Event "Parnu Keres Memorial Rapid op 4th"]
[Site "Parnu"]
[Date "2023.07.30"]
[Round "1"]
[White "Kantans, Toms"]
[Black "Kais, Kristofer"]
[Result "1-0"]
[WhiteElo "2500"]
[BlackElo "1188"]
[PlyCount "107"]
[EventDate "2023.07.30"]
[EventType "swiss (rapid)"]
[EventRounds "7"]
[EventCountry "EST"]
[SourceTitle "CBM 215 Extra"]
[Source "ChessBase"]
[SourceDate "2023.09.30"]
[SourceVersion "1"]
[SourceVersionDate "2023.09.30"]
[SourceQuality "1"]

1. e4 c6 2. d4 d5 3. e5 Bf5 4. Nf3 e6 5. Nbd2 a6 6. Nb3 Nd7 7. Be3 Qc7 8. Be2 c5 9. dxc5 Nxc5 10. Nbd4 Ne7 11. 0-0 Bg6 12. Rc1 Nf5 13. Nxf5 Bxf5 14. c4 Rd8 15. Bxc5 Qxc5 16. Qb3 Qb4 17. Nd4 Qxb3 18. axb3 Be4 19. c5 Be7 20. f3 Bg6 21. c6 bxc6 22. Nxc6 Ra8 23. Nxe7 Kxe7 24. Rc7+ Kd8 25. Rfc1 Re8 26. R7c6 Re7 27. Bxa6 Rea7 28. Be2 Ra1 29. b4 Rxc1+ 30. Rxc1 Ra2 31. b5 Rxb2 32. Kf1 d4 33. Rd1 d3 34. Bxd3 Bxd3+ 35. Rxd3+ Kc7 36. Rc3+ Kb7 37. Rc5 Kb6 38. Rc6+ Kxb5 39. Rc7 Rb1+ 40. Kf2 Rb2+ 41. Kg3 Kb6 42. Rxf7 h6 43. Rxg7 Rb5 44. f4 h5 45. Rg6 Rb3+ 46. Kh4 Rb2 47. Kxh5 Kc5 48. h4 Kd5 49. g4 Rf2 50. Rf6 Ke4 51. Kg5 Kd5 52. h5 Rc2 53. h6 Rc7 54. Kg6 1-0

[Event "Parnu Keres Memorial Rapid op 4th"]
[Site "Parnu"]
[Date "2023.07.30"]
[Round "7"]
[White "Kantans, Toms"]
[Black "Korneev, Oleg"]
[Result "1/2-1/2"]
[WhiteElo "2500"]
[BlackElo "2474"]
[PlyCount "119"]
[EventDate "2023.07.30"]
[EventType "swiss (rapid)"]
[EventRounds "7"]
[EventCountry "EST"]
[SourceTitle "CBM 215 Extra"]
[Source "ChessBase"]
[SourceDate "2023.09.30"]
[SourceVersion "1"]
[SourceVersionDate "2023.09.30"]
[SourceQuality "1"]

1. e4 c5 2. Nf3 e6 3. d4 cxd4 4. Nxd4 Nc6 5. Nc3 a6 6. Nxc6 bxc6 7. Bd3 d5 8. 0-0 Nf6 9. Qe2 Be7 10. Na4 0-0 11. c4 Bb7 12. e5 Nd7 13. b3 Nb6 14. Nxb6 Qxb6 15. Qg4 Rfd8 16. Be3 Qc7 17. Rae1 dxc4 18. Bxc4 c5 19. f4 Be4 20. f5 Bxf5 21. Rxf5 exf5 22. Qxf5 Rf8 23. Bh6 Qd8 24. Re4 Qd1+ 25. Kf2 Rad8 26. Qg4 Qc2+ 27. Kg3 g6 28. Bxf8 Rxf8 29. Re2 Qc3+ 30. Qf3 Qxf3+ 31. gxf3 a5 32. e6 f5 33. Rd2 Kg7 34. Rd7 Kf6 35. Ra7 Rd8 36. Rxa5 Rd2 37. f4 h6 38. h4 g5 39. hxg5+ hxg5 40. Ra7 g4 41. a4 Rc2 42. a5 Rc3+ 43. Kg2 Rc2+ 44. Kf1 Rc1+ 45. Ke2 Rc2+ 46. Kd3 g3 47. Ra8 Kg7 48. Re8 g2 49. Rxe7+ Kh6 50. Kxc2 g1Q 51. a6 Qf2+ 52. Kb1 Qe1+ 53. Ka2 Qa5+ 54. Kb2 Qd2+ 55. Ka3 Qa5+ 56. Kb2 Qd2+ 57. Kb1 Qd1+ 58. Kb2 Qd2+ 59. Kb1 Qd1+ 60. Kb2 1/2-1/2